000 00740nam a2200229Ia 4500
999 _c65361
_d65361
003 GCL
005 20240530110821.0
008 140319s2005 ua a f 000 0 ara d
016 _22004/22207
_aمصر . دار الكتب
020 _a9773458970
040 _aGCL /
_cGCL
082 0 4 _a746.433
_bو ك
100 1 _aوايتنج ، سو
245 1 2 _aالكروشيه :
_bفن وابداع وصناعة /
_cتأليف سو وايتنج
250 _aط.1
260 _aالقاهرة :
_bدار الفاروق ،
_c2005 .
300 _a80 ص. :
_bايض. ؛
_c30 سم.
490 _aسلسلة الاقتصاد المنزلى
_v0
650 0 4 _aالاقتصاد المنزلى
650 0 4 _aالكروشيه
942 _2ddc
_cBK